00978nam a22001817a 4500003000900000008004100009040007100050082001800121100001900139245007400158260004000232300002800272505041200300650003000712650002700742650001600769650001100785AR-CdUCM190515b ||||| |||| 00| 0 spa d aMUNICIPALIDAD PROVINCIAL DEL CUSCOcBIBLIOTECA MUNICIPAL DEL CUSCO a985.06 /bU38 aUlloa, Alberto aDon Nicolás de Piérola :buna época de la historia del Perú / aLima :bImpr. Santa María,c1949. a441 páginas ;c26 cm. aContenido: La alborada: el nacimiento y la infancia -- Dios y sabiduría: el seminario -- Hogar y patria: el matrimonio y la mocedad -- La imprevisión pródiga: las consignaciones -- La gran batalla: el ministerio y el contrato Dreyfus -- La gran batalla: revancha de los consignatarios -- Las rebeldías armadas: El Talismán y Yacango -- Un hombre contra un imperio: el monitor rebelde Huáscar ... aBiografías históricas aNicolás de Piérola aPresidentes aPerú